Bayonetta-Tous les Anges - Statistiques

Statistiques générales
  • Ce quiz a été pris 4 fois
  • Le résultat moyen est 23 sur 39
Statistiques - réponses
Catégories hiérarchiques Réponse % Correct
Troisième sphère Acceptance
100%
Troisième sphère Accolade
100%
Troisième sphère Affinity
100%
Troisième sphère Cachet
100%
Troisième sphère Compassion
100%
Seconde sphère Glory
100%
Première Sphère Glory
100%
Seconde sphère Grace
100%
Auditio Iustitia
100%
Dea Jubileus
100%
Auditio Sapientia
100%
Seconde sphère Urbane
100%
Troisième sphère Allegiance
50%
Troisième sphère Applaud
50%
Seconde sphère Belief
50%
Seconde sphère Beloved
50%
Troisième sphère Decorations
50%
Troisième sphère Enrapture
50%
Seconde sphère Fairness
50%
Seconde sphère Fearless
50%
Troisième sphère Fidelity
50%
Auditio Fortitudo
50%
Première Sphère Glamor
50%
Seconde sphère Gravitas
50%
Première Sphère Inspired
50%
Troisième sphère Irenic
50%
Première Sphère Joy
50%
Seconde sphère Kinship
50%
Première Sphère Resplendence
50%
Auditio Temperantia
50%
Première Sphère Valiance
50%
Première Sphère Valor
50%
Seconde sphère Worship
50%
Troisième sphère Ardor
0%
Première Sphère Braves
0%
Troisième sphère Dear
0%
Troisième sphère Enchant
0%
Première Sphère Gracious
0%
Seconde sphère Harmony
0%
Aucun quiz correspondant
Distribution des résultats
% des personnes avec chaque résultat
Percentile par nombre de réponses
Votre historique - résultats
Vous n’avez pas pris ce quiz